Statistics for Countries with Most New Covid-19 Cases and Deaths Today

Click here to take the quiz!

General Stats

  • This quiz has been taken 24 times
  • The average score is 17 of 21

Answer Stats

country% Correct
United Kingdom
100%
United States
100%
Canada
95%
France
95%
Germany
95%
Italy
95%
Mexico
95%
Russia
95%
Spain
95%
Brazil
91%
India
82%
Iran
77%
Sweden
77%
Chile
73%
Peru
73%
Belgium
68%
Pakistan
68%
Turkey
68%
Saudi Arabia
41%
Bangladesh
36%
Qatar
27%

Score Distribution

Percentile by Number Answered

Percent of People with Each Score

Your Score History

You have not taken this quiz